UM Logo

Music education: (Record no. 15691)

MARC details
000 -LEADER
fixed length control field 00599nam a22001697a 4500
008 - FIXED-LENGTH DATA ELEMENTS--GENERAL INFORMATION
fixed length control field 201022b ||||| |||| 00| 0 eng d
020 ## - INTERNATIONAL STANDARD BOOK NUMBER
International Standard Book Number 9-71083298-0 (pbk)
082 ## - DEWEY DECIMAL CLASSIFICATION NUMBER
Edition number 1987
Classification number DFil 780.7
Item number R52
100 ## - MAIN ENTRY--PERSONAL NAME
Personal name Rivadelo, Rosita F.
9 (RLIN) 42461
245 ## - TITLE STATEMENT
Title Music education:
Remainder of title materials and methods/
Statement of responsibility, etc. Rosita F. Rivadelo
260 ## - PUBLICATION, DISTRIBUTION, ETC. (IMPRINT)
Place of publication, distribution, etc. Mandaluyong City:
Name of publisher, distributor, etc. National Book Store,
Date of publication, distribution, etc. ©1987.
300 ## - PHYSICAL DESCRIPTION
Extent xi, 255 pages:
Other physical details illustrations;
Dimensions 22 cm.
500 ## - GENERAL NOTE
General note Includes bibliographical references and index.<br/>
650 ## - SUBJECT ADDED ENTRY--TOPICAL TERM
Topical term or geographic name as entry element Music -- Study and teaching.
9 (RLIN) 42353
650 ## - SUBJECT ADDED ENTRY--TOPICAL TERM
Topical term or geographic name as entry element Music.
9 (RLIN) 42462
942 ## - ADDED ENTRY ELEMENTS (KOHA)
Source of classification or shelving scheme Dewey Decimal Classification
Koha item type Filipiniana
Holdings
Withdrawn status Lost status Source of classification or shelving scheme Damaged status Not for loan Collection code Home library Current library Date acquired Source of acquisition Total Checkouts Full call number Barcode Date last seen Copy number Price effective from Koha item type
    Dewey Decimal Classification     Filipiniana UM Digos College - LIC UM Digos College - LIC 10/22/2020 Purchase   DFil 780.7 R52 1987 16774 10/22/2020 1 10/22/2020 Filipiniana
    Dewey Decimal Classification     Filipiniana UM Digos College - LIC UM Digos College - LIC 10/22/2020 Purchase   DFil 780.7 R52 1987 16775 10/22/2020 2 10/22/2020 Filipiniana
    Dewey Decimal Classification     Filipiniana UM Digos College - LIC UM Digos College - LIC 10/22/2020 Purchase   DFil 780.7 R52 1987 16776 10/22/2020 3 10/22/2020 Filipiniana